[Event "TCh-TUR Super League 2014"]
[Site "Kocaeli TUR"]
[Date "2014.08.21"]
[Round "4.3"]
[Board "2"]
[White "Artemiev, Vladislav"]
[Black "Eljanov, Pavel"]
[Result "1-0"]
[WhiteTitle "GM"]
[BlackTitle "GM"]
[WhiteElo "2650"]
[BlackElo "2723"]
[WhiteTeam "Istanbul Teknik Universitesi Socar – K.N.I."]
[BlackTeam "Denizsu Aquamatch Satranc Genclik VE Spor Kulubu"]
[WhiteFideId "24101605"]
[BlackFideId "14102951"]
[EventDate "2014.08.18"]

1. b3 Nf6 2. Bb2 c5 3. e3 Nc6 4. Nf3 e6 5. c4 d5 6. cxd5 exd5 7. Bb5 Bd7 8. O-O
a6 9. Be2 Bd6 10. d4 cxd4 11. Nxd4 O-O 12. Nxc6 bxc6 13. Nd2 Qe7 14. Nf3 Ne4 15.
Qd4 f6 16. Rac1 Qf7 17. Qd1 a5 18. Nd4 Rac8 19. Ba6 Rc7 20. Bd3 f5 21. f3 Qh5
22. f4 Qe8 23. Nf3 Bc8 24. Rc2 Bb7 25. Be5 Qe7 26. Qe1 Ra8 27. Nd4 g6 28. Bxe4
dxe4 29. Qg3 Rf8 30. Bxd6 Qxd6 31. Rfc1 Rg7 32. Rc5 a4 33. bxa4 h6 34. h4 Kh7
35. a5 Ra8 36. Qe1 Qf6 37. Re5 Qf7 38. Qb4 Qxa2 39. Re7 Bc8 40. Rxc6 1-0

[Event "TCh-TUR Super League 2014"]
[Site "Kocaeli TUR"]
[Date "2014.08.21"]
[Round "4.4"]
[Board "2"]
[White "Duman, Aydin"]
[Black "Amonatov, Farrukh"]
[Result "1/2-1/2"]
[BlackTitle "GM"]
[WhiteElo "2244"]
[BlackElo "2590"]
[WhiteTeam "Mersin Ezgi Satranc Kulubu"]
[BlackTeam "Hatay Buyuksehir Belediye Genclik VE Spor Kulubu"]
[WhiteFideId "6301304"]
[BlackFideId "14700077"]
[EventDate "2014.08.18"]

1. e4 c5 2. Nf3 d6 3. Bb5+ Nd7 4. d4 cxd4 5. Qxd4 a6 6. Bxd7+ Bxd7 7. c4 e5 8.
Qd3 b5 9. Nc3 bxc4 10. Qxc4 h6 11. Nd5 Qc8 12. Nc7+ Kd8 13. Qxf7 Kxc7 14. Be3
Ne7 15. Rc1+ Nc6 16. Rxc6+ Kxc6 17. O-O Kb7 18. Nxe5 Qe8 19. Qd5+ Bc6 20. Nxc6
Qxc6 21. Qb3+ Qb5 22. Qf7+ Kc8 23. Rc1+ Kd8 24. a4 Qb8 25. a5 Be7 26. Qxg7 Rf8
27. Bb6+ Ke8 28. e5 dxe5 29. Qg6+ Rf7 30. Rc7 Kf8 31. Qxh6+ Kg8 32. Qg6+ Rg7 33.
Qe6+ Kf8 34. Qf5+ Kg8 35. Qe6+ Kf8 36. Qf5+ Kg8 1/2-1/2

[Event "TCh-TUR Super League 2014"]
[Site "Kocaeli TUR"]
[Date "2014.08.21"]
[Round "4.4"]
[Board "7"]
[White "Ali Marandi, Cemil Can"]
[Black "Iskandarov, Misratdin"]
[Result "1/2-1/2"]
[WhiteTitle "IM"]
[BlackTitle "IM"]
[WhiteElo "2397"]
[BlackElo "2397"]
[WhiteTeam "Hatay Buyuksehir Belediye Genclik VE Spor Kulubu"]
[BlackTeam "Mersin Ezgi Satranc Kulubu"]
[WhiteFideId "6300529"]
[BlackFideId "13400312"]
[EventDate "2014.08.18"]

1. e4 c6 2. d4 g6 3. Nc3 Bg7 4. Nf3 d6 5. Bg5 Bg4 6. Qd2 Nd7 7. Bc4 Bxf3 8. gxf3
Qa5 9. Be3 Ngf6 10. O-O-O b5 11. Bb3 O-O 12. h4 c5 13. dxc5 dxc5 14. e5 c4 15.
exf6 Nxf6 16. Nd5 Qxd2+ 17. Rxd2 Nxd5 18. Rxd5 cxb3 19. axb3 a6 20. Rhd1 h5 21.
Bg5 Rfe8 22. Rd7 Bf6 23. f4 Rac8 24. Ra7 Rc6 25. Rdd7 b4 26. Rac7 Re6 27. c4
Bxg5 28. fxg5 Re4 29. c5 Rxh4 30. Rxe7 Rxe7 31. Rxe7 Kf8 32. Rd7 Re4 33. c6 Ke8
34. Rd6 Re5 35. f4 Rc5+ 36. Kd2 Ke7 37. Rf6 h4 38. Ke2 h3 39. Kf2 Rc2+ 40. Kg1
Rxb2 41. c7 Rc2 42. Rxa6 Rxc7 43. Rb6 Rc2 44. Rxb4 Kd6 45. Re4 Rb2 46. Re3 h2+
47. Kh1 Rf2 48. Re4 1/2-1/2

[Event "TCh-TUR Super League 2014"]
[Site "Kocaeli TUR"]
[Date "2014.08.21"]
[Round "4.3"]
[Board "3"]
[White "Esen, Baris"]
[Black "Can, Emre"]
[Result "1/2-1/2"]
[WhiteTitle "GM"]
[BlackTitle "GM"]
[WhiteElo "2589"]
[BlackElo "2529"]
[WhiteTeam "Denizsu Aquamatch Satranc Genclik VE Spor Kulubu"]
[BlackTeam "Istanbul Teknik Universitesi Socar – K.N.I."]
[WhiteFideId "6302114"]
[BlackFideId "6302181"]
[EventDate "2014.08.18"]

1. Nf3 Nf6 2. c4 e6 3. Nc3 d5 4. d4 Be7 5. Bg5 h6 6. Bh4 O-O 7. e3 Ne4 8. Bxe7
Qxe7 9. Rc1 c6 10. Bd3 Nxc3 11. Rxc3 Nd7 12. O-O e5 13. dxe5 dxc4 14. Bxc4 Nxe5
15. Nxe5 Qxe5 16. Qb3 Qe7 17. Rd1 Bf5 18. Bd3 Be6 19. Bc4 Bf5 20. Bd3 1/2-1/2

[Event "TCh-TUR Super League 2014"]
[Site "Kocaeli TUR"]
[Date "2014.08.21"]
[Round "4.3"]
[Board "4"]
[White "Gurevich, Mikhail"]
[Black "Citak, Selim"]
[Result "1/2-1/2"]
[WhiteTitle "GM"]
[BlackTitle "FM"]
[WhiteElo "2571"]
[BlackElo "2340"]
[WhiteTeam "Istanbul Teknik Universitesi Socar – K.N.I."]
[BlackTeam "Denizsu Aquamatch Satranc Genclik VE Spor Kulubu"]
[WhiteFideId "200930"]
[BlackFideId "6301819"]
[EventDate "2014.08.18"]

1. c4 e6 2. g3 d5 3. Bg2 Nf6 4. Nf3 Be7 5. O-O O-O 6. d4 c5 7. cxd5 exd5 8. Nc3
Nc6 9. Bg5 c4 10. Ne5 Be6 11. b3 h6 12. Bxf6 Bxf6 13. Nxc6 bxc6 14. bxc4 dxc4
15. e3 c5 16. Bxa8 Qxa8 17. d5 Bxc3 18. dxe6 Bxa1 19. exf7+ Rxf7 20. Qxa1 Qe4
21. Qb1 Qd3 22. Qb5 Qc2 23. Qb8+ Kh7 24. Qb1 Rxf2 25. Qxc2+ Rxc2 26. Rf5 Rxa2
27. Rxc5 Rc2 28. h4 c3 29. Kf1 Kg6 30. Ke1 Rg2 31. Rxc3 Rxg3 32. Kf2 Rg4 33. Ra3
Kh5 34. Rxa7 Kxh4 35. e4 g5 36. Ra1 Kh5 37. Ke3 Kg6 38. Ra6+ Kg7 39. Ra7+ Kf6
40. Ra6+ Ke5 1/2-1/2

[Event "TCh-TUR Super League 2014"]
[Site "Kocaeli TUR"]
[Date "2014.08.21"]
[Round "4.5"]
[Board "2"]
[White "Safarli, Eltaj"]
[Black "Benidze, Davit"]
[Result "1/2-1/2"]
[WhiteTitle "GM"]
[BlackTitle "GM"]
[WhiteElo "2649"]
[BlackElo "2458"]
[WhiteTeam "Antalya Calli Spor Kulubu"]
[BlackTeam "Kahramanmaras Buyuksehir Belediyesi Spor Kulubu"]
[WhiteFideId "13402129"]
[BlackFideId "13603086"]
[EventDate "2014.08.18"]

1. e4 c5 2. Nf3 d6 3. Bb5+ Bd7 4. Bxd7+ Qxd7 5. O-O Nc6 6. Qe2 Nf6 7. Rd1 e6 8.
d4 cxd4 9. Nxd4 Be7 10. c4 O-O 11. Nc3 a6 12. b3 Rac8 13. Ba3 Nxd4 14. Rxd4 Qc7
15. Rad1 Rfd8 16. Qd2 b5 17. Bxd6 Rxd6 18. Rxd6 b4 19. Na4 Nxe4 20. Rd7 Nxd2 21.
Rxc7 Nf3+ 22. gxf3 Rxc7 23. Nb6 Kf8 24. Rd7 Rxd7 25. Nxd7+ Ke8 26. Nb8 a5 27.
Nc6 Bd6 1/2-1/2

[Event "TCh-TUR Super League 2014"]
[Site "Kocaeli TUR"]
[Date "2014.08.21"]
[Round "4.5"]
[Board "3"]
[White "Dastan, Muhammed Batuhan"]
[Black "Ertan, Can"]
[Result "1-0"]
[WhiteTitle "IM"]
[BlackTitle "FM"]
[WhiteElo "2432"]
[BlackElo "2246"]
[WhiteTeam "Kahramanmaras Buyuksehir Belediyesi Spor Kulubu"]
[BlackTeam "Antalya Calli Spor Kulubu"]
[WhiteFideId "6300014"]
[BlackFideId "6306330"]
[EventDate "2014.08.18"]

1. e4 e5 2. Nf3 Nc6 3. Bc4 Bc5 4. O-O Nf6 5. d3 d6 6. c3 O-O 7. Bb3 h6 8. h3 Re8
9. Re1 a6 10. Bc2 d5 11. Nbd2 d4 12. Nf1 Qd6 13. Ng3 Bb6 14. Bd2 Qc5 15. Qe2 Bd7
16. Rac1 Rad8 17. Nh4 Qb5 18. Rb1 dxc3 19. bxc3 Qa5 20. Ngf5 Be6 21. a4 Ne7 22.
Nxe7+ Rxe7 23. c4 1-0

[Event "TCh-TUR Super League 2014"]
[Site "Kocaeli TUR"]
[Date "2014.08.21"]
[Round "4.5"]
[Board "4"]
[White "Sari, Yasin"]
[Black "Isik, Engin Yasar"]
[Result "1/2-1/2"]
[WhiteElo "2076"]
[BlackElo "2232"]
[WhiteTeam "Antalya Calli Spor Kulubu"]
[BlackTeam "Kahramanmaras Buyuksehir Belediyesi Spor Kulubu"]
[WhiteFideId "6320902"]
[BlackFideId "6301886"]
[EventDate "2014.08.18"]

1. e4 c5 2. Nf3 Nc6 3. d4 cxd4 4. Nxd4 e5 5. Nb5 d6 6. N1c3 a6 7. Na3 b5 8. Nd5
Nge7 9. g3 Nxd5 10. exd5 Na5 11. b4 Qc7 12. Qd2 Nc4 13. Qc3 Bb7 14. Bg2 Rc8 15.
O-O Be7 16. Bh3 Nb6 17. Qd3 Rb8 18. Bg2 O-O 19. f4 Bf6 20. Rb1 Rbc8 21. Rb3 Nc4
22. Be4 Qb6+ 23. Kh1 g6 24. f5 Qd4 25. Qxd4 exd4 26. fxg6 fxg6 27. Nxc4 bxc4 28.
Rbf3 Bg7 29. Rxf8+ Rxf8 30. Rxf8+ Kxf8 31. Kg2 Ke7 32. h4 Be5 33. Kf2 Kf7 34.
Bd2 Bc8 35. Kf3 h5 36. a4 Bd7 37. a5 Bg4+ 38. Kf2 Bd7 39. Kf3 Bg4+ 1/2-1/2

[Event "TCh-TUR Super League 2014"]
[Site "Kocaeli TUR"]
[Date "2014.08.21"]
[Round "4.5"]
[Board "5"]
[White "Erden, Kadir"]
[Black "Burcu, Cagatay"]
[Result "0-1"]
[WhiteElo "2220"]
[BlackElo "2099"]
[WhiteTeam "Kahramanmaras Buyuksehir Belediyesi Spor Kulubu"]
[BlackTeam "Antalya Calli Spor Kulubu"]
[WhiteFideId "6305776"]
[BlackFideId "6310630"]
[EventDate "2014.08.18"]

1. d4 Nf6 2. Bg5 d5 3. e3 c6 4. Bd3 Bg4 5. f3 Bh5 6. Ne2 Nbd7 7. c4 dxc4 8. Bxc4
Qa5+ 9. Nbc3 Qxg5 10. Kf2 Nb6 11. h4 Qa5 12. Bb3 Bg6 13. g4 h5 14. g5 Nfd5 15.
Nxd5 cxd5 16. Nf4 Bf5 17. g6 fxg6 18. Rg1 Rc8 19. Nxg6 Bxg6 20. Rxg6 Rc6 21. Rg1
Rhh6 22. Rc1 Qb4 23. Qd3 Nc4 24. Rc2 b5 25. Rg5 Qd6 26. f4 Qd7 27. a4 a6 28.
axb5 axb5 29. Kg2 Rce6 30. Re2 Qc6 31. Kf2 Reg6 32. Ba2 Rxg5 33. hxg5 Re6 34.
Qh7 g6 35. Bb1 Qd6 36. Bd3 Nxe3 37. Rxe3 Qxf4+ 38. Rf3 Qd2+ 39. Kg3 Qxg5+ 40.
Kf2 Qd2+ 41. Kg3 Qg5+ 42. Kf2 Rf6 43. Rxf6 Qxf6+ 44. Ke3 h4 45. Bxg6+ Kd7 46.
Qh5 e6 47. Be8+ Kd6 48. Bxb5 Bh6+ 49. Ke2 Qf4 50. Qe8 Qe3+ 51. Kf1 Qf3+ 52. Ke1
Qe3+ 53. Be2 Qg1+ 54. Bf1 Qg3+ 55. Kd1 Qb3+ 56. Ke1 Qb4+ 57. Kf2 Qxd4+ 58. Kg2
Qg4+ 59. Kh1 Qf3+ 60. Bg2 Qd1+ 61. Kh2 Bf4+ 62. Kh3 Qd3+ 0-1

[Event "TCh-TUR Super League 2014"]
[Site "Kocaeli TUR"]
[Date "2014.08.21"]
[Round "4.5"]
[Board "6"]
[White "Mammadova, Gulnar"]
[Black "Isgandarova, Khayala"]
[Result "1-0"]
[WhiteTitle "WGM"]
[BlackTitle "WIM"]
[WhiteElo "2334"]
[BlackElo "2190"]
[WhiteTeam "Antalya Calli Spor Kulubu"]
[BlackTeam "Kahramanmaras Buyuksehir Belediyesi Spor Kulubu"]
[WhiteFideId "13403508"]
[BlackFideId "13401823"]
[EventDate "2014.08.18"]

1. e4 d5 2. exd5 Nf6 3. d4 Bg4 4. f3 Bf5 5. Bb5+ Nbd7 6. c4 a6 7. Bxd7+ Qxd7 8.
Ne2 b5 9. b3 h5 10. O-O h4 11. Bf4 g6 12. Nbc3 Bg7 13. Be5 O-O 14. Nf4 Rfd8 15.
Nd3 Bxd3 16. Qxd3 h3 17. Rad1 bxc4 18. bxc4 hxg2 19. Rf2 Nh5 20. Ne2 c6 21. dxc6
Qxc6 22. Bxg7 Nxg7 23. Rxg2 Rac8 24. Rc1 Rd6 25. Kh1 Rf6 26. d5 Qd6 27. Ng3 Qf4
28. Rc3 Qh4 29. c5 Qb4 30. c6 Rf4 31. Ne2 Rh4 32. Qxa6 1-0

[Event "TCh-TUR Super League 2014"]
[Site "Kocaeli TUR"]
[Date "2014.08.21"]
[Round "4.5"]
[Board "7"]
[White "Javakhadze, Zurab"]
[Black "Yurtseven, Melih"]
[Result "1/2-1/2"]
[WhiteTitle "IM"]
[WhiteElo "2423"]
[BlackElo "2271"]
[WhiteTeam "Kahramanmaras Buyuksehir Belediyesi Spor Kulubu"]
[BlackTeam "Antalya Calli Spor Kulubu"]
[WhiteFideId "13603647"]
[BlackFideId "6312160"]
[EventDate "2014.08.18"]

1. g3 g6 2. Bg2 Bg7 3. d4 Nf6 4. e4 d6 5. Ne2 O-O 6. Nbc3 Na6 7. O-O c5 8. h3
cxd4 9. Nxd4 Nc5 10. Be3 Bd7 11. Nb3 Nxb3 12. axb3 Qb8 13. Ra2 Rc8 14. g4 Bc6
15. f4 b6 16. f5 Qb7 17. Nd5 Bxd5 18. exd5 Qc7 19. c3 Nd7 20. g5 Be5 21. Ra4 Rf8
22. h4 Kh8 23. h5 gxf5 24. Rxf5 f6 25. g6 Rg8 26. Rg4 Rg7 27. Be4 Rag8 28. Bh6
Qc5+ 29. Kh1 Nf8 30. b4 Qc4 31. Bc2 Qa2 32. Bxg7+ Rxg7 33. gxh7 Rxg4 34. Qxg4
Nxh7 35. Rxe5 dxe5 36. Qc8+ Kg7 37. h6+ Kf7 38. Qe6+ Kf8 39. Qc8+ Kf7 40. Qe6+
Kf8 41. Qg4 Ng5 42. h7 Kg7 43. Qd7 Nf7 44. Qxe7 Qxd5+ 45. Kg1 Qd8 46. h8=Q+ 1/2-1/2

[Event "TCh-TUR Super League 2014"]
[Site "Kocaeli TUR"]
[Date "2014.08.21"]
[Round "4.5"]
[Board "8"]
[White "Durmaz, Ayca Fatma"]
[Black "Cemhan, Kardelen"]
[Result "1-0"]
[WhiteTitle "WCM"]
[BlackTitle "WCM"]
[WhiteElo "1867"]
[BlackElo "2019"]
[WhiteTeam "Antalya Calli Spor Kulubu"]
[BlackTeam "Kahramanmaras Buyuksehir Belediyesi Spor Kulubu"]
[WhiteFideId "6317855"]
[BlackFideId "6325670"]
[EventDate "2014.08.18"]

1. c4 e5 2. g3 Nf6 3. Bg2 d5 4. cxd5 Nxd5 5. Nc3 Nb6 6. Nf3 Nc6 7. O-O Be7 8. d3
O-O 9. a3 Be6 10. b4 a5 11. b5 Nd4 12. Nxd4 exd4 13. Ne4 a4 14. Nd2 Bd5 15. Bxd5
Qxd5 16. Qc2 Rfc8 17. Rb1 f5 18. Nc4 Qd7 19. Bd2 Kh8 20. Qb2 Bf6 21. Rfc1 Nd5
22. b6 c6 23. Qc2 f4 24. Kg2 Re8 25. Re1 Re7 26. Rb2 Rae8 27. Qd1 Rf8 28. Bb4
Nxb4 29. Rxb4 Qd5+ 30. f3 fxg3 31. hxg3 g5 32. Nd2 g4 33. Ne4 Be5 34. Rxa4 Rg7
35. f4 Bb8 36. Qd2 Rgf7 37. Ra5 Qd8 38. Rg5 Qxb6 39. Rxg4 Qd8 40. Rh1 Rg8 41.
Rxg8+ Qxg8 42. Kf3 Rg7 43. Qa5 Bc7 44. Qc5 Qd8 45. Qf5 b6 46. Rh6 c5 47. Rf6 Kg8
48. Re6 Qa8 49. Kf2 Rf7 50. Nf6+ Kh8 51. Qh5 1-0

[Event "TCh-TUR Super League 2014"]
[Site "Kocaeli TUR"]
[Date "2014.08.21"]
[Round "4.5"]
[Board "9"]
[White "Yaran, Siar"]
[Black "Tasdogen, Dincer"]
[Result "1-0"]
[WhiteTitle "CM"]
[WhiteElo "2041"]
[BlackElo "1797"]
[WhiteTeam "Kahramanmaras Buyuksehir Belediyesi Spor Kulubu"]
[BlackTeam "Antalya Calli Spor Kulubu"]
[WhiteFideId "6323006"]
[BlackFideId "6367097"]
[EventDate "2014.08.18"]

1. c4 e5 2. Nc3 Nc6 3. g3 g6 4. Bg2 Bg7 5. d3 f5 6. Rb1 a5 7. a3 Nf6 8. b4 axb4
9. axb4 O-O 10. b5 Ne7 11. Nf3 d6 12. O-O h6 13. Bb2 Be6 14. Ra1 f4 15. Nd2 c6
16. Rxa8 Qxa8 17. Qa1 fxg3 18. hxg3 d5 19. Na4 Nd7 20. Nb3 dxc4 21. Nbc5 Nxc5
22. Nxc5 Bd5 23. Bxd5+ Nxd5 24. dxc4 Nb6 25. Ne6 Re8 26. Nxg7 Qxa1 27. Rxa1 Kxg7
28. Ra7 Nxc4 29. bxc6 Kf6 30. cxb7 Rb8 31. Bc3 Ke6 32. Ra6+ Kf5 33. Rc6 Na3 34.
Rc5 Rxb7 35. Rxe5+ Kg4 36. Kg2 g5 37. f3+ Kh5 38. Re6 g4 39. Bd2 gxf3+ 40. exf3
Rh7 41. Kh3 1-0

[Event "TCh-TUR Super League 2014"]
[Site "Kocaeli TUR"]
[Date "2014.08.21"]
[Round "4.5"]
[Board "10"]
[White "Altinoz, Fevziye Ece"]
[Black "Dogan, Sevval"]
[Result "0-1"]
[WhiteElo "1488"]
[BlackElo "1651"]
[WhiteTeam "Antalya Calli Spor Kulubu"]
[BlackTeam "Kahramanmaras Buyuksehir Belediyesi Spor Kulubu"]
[WhiteFideId "6358942"]
[BlackFideId "6322565"]
[EventDate "2014.08.18"]

1. e4 c5 2. Nf3 g6 3. c4 Bg7 4. Nc3 Nc6 5. Be2 d6 6. h3 Nf6 7. d3 O-O 8. Be3 a6
9. d4 cxd4 10. Nxd4 Bd7 11. O-O Nxd4 12. Bxd4 Bc6 13. Qc2 Qc7 14. Rad1 Rfc8 15.
b3 Qa5 16. Bd3 b5 17. Bxf6 Bxf6 18. Nd5 Bxd5 19. exd5 Rab8 20. Qe2 b4 21. Kh1
Qa3 22. Rb1 a5 23. f4 a4 24. f5 axb3 25. axb3 Kg7 26. Qf3 g5 27. Bc2 Ra8 28. Rf2
Qa7 29. Rd1 Qc5 30. Re2 Ra3 31. Qd3 Ra2 32. Re3 Rxc2 33. Qe4 Rb2 34. Rde1 Qd4
35. Qxd4 Bxd4 36. Rd3 Be5 37. Kg1 Ra2 38. Kf1 f6 39. Rde3 Rca8 40. g3 Ra1 41. h4
Rxe1+ 42. Kxe1 h6 43. hxg5 hxg5 44. g4 Ra2 45. Re2 Ra1+ 46. Kd2 Rb1 47. Re3 Rg1
48. Re4 Rg3 49. Kc2 Rc3+ 50. Kd2 Rxb3 51. Re3 Rxe3 52. Kxe3 b3 53. Kd3 Kf8 54.
Kd2 Ke8 55. Kc1 Kd8 56. Kb1 Kc7 57. Kc1 Kb6 58. Kb1 Kc5 59. Kc1 Kb4 60. c5 dxc5
61. Kb1 Ka3 0-1

[Event "TCh-TUR Super League 2014"]
[Site "Kocaeli TUR"]
[Date "2014.08.21"]
[Round "4.6"]
[Board "1"]
[White "Grachev, Boris"]
[Black "Guner, Sati Emre"]
[Result "1-0"]
[WhiteTitle "GM"]
[WhiteElo "2672"]
[BlackElo "2041"]
[WhiteTeam "Akdeniz Belediyesi Spor Kulubu"]
[BlackTeam "Aliaga Genclik VE Spor Kulubu Dernegi"]
[WhiteFideId "4129199"]
[BlackFideId "6304192"]
[EventDate "2014.08.18"]

1. g3 e5 2. c4 Nf6 3. Bg2 c6 4. Nf3 e4 5. Nd4 d5 6. cxd5 Qb6 7. Nc2 cxd5 8. O-O
Be7 9. d3 O-O 10. Nc3 Rd8 11. Be3 Qa5 12. dxe4 dxe4 13. Qe1 Qf5 14. Nd4 Qh5 15.
f3 exf3 16. exf3 Nc6 17. Nxc6 bxc6 18. Qf2 a5 19. Rfe1 Bb4 20. a3 Bxc3 21. bxc3
Nd5 22. Bd4 Ba6 23. Re5 Qg6 24. Rae1 Qd6 25. f4 Qd7 26. Rg5 g6 27. f5 Re8 28.
fxg6 fxg6 29. h4 Rxe1+ 30. Qxe1 Re8 31. Re5 Kf7 32. Qf2+ Kg8 33. Rxd5 cxd5 34.
Qf6 Re1+ 35. Kh2 Re2 36. Qh8+ 1-0

[Event "TCh-TUR Super League 2014"]
[Site "Kocaeli TUR"]
[Date "2014.08.21"]
[Round "4.6"]
[Board "2"]
[White "Yasar, Ugur"]
[Black "Annaberdiev, Meilis"]
[Result "0-1"]
[BlackTitle "IM"]
[WhiteElo "1777"]
[BlackElo "2439"]
[WhiteTeam "Aliaga Genclik VE Spor Kulubu Dernegi"]
[BlackTeam "Akdeniz Belediyesi Spor Kulubu"]
[WhiteFideId "6324754"]
[BlackFideId "14000563"]
[EventDate "2014.08.18"]

1. d4 Nf6 2. Nf3 g6 3. Nc3 Bg7 4. e4 d6 5. Be3 O-O 6. Qd2 c6 7. Bh6 Bg4 8. Bd3
Nbd7 9. Bxg7 Kxg7 10. Ne2 e5 11. c3 Qa5 12. a4 Rfe8 13. b4 Qc7 14. Ng3 d5 15.
O-O dxe4 16. Nxe4 Bxf3 17. gxf3 exd4 18. cxd4 Nd5 19. Rfe1 Rad8 20. Ng3 Qf4 21.
Qxf4 Nxf4 22. Bf1 Nf6 23. Rxe8 Nxe8 24. b5 Rxd4 25. bxc6 bxc6 26. Ne4 a5 27. Nc5
Rb4 28. Nd3 Nxd3 29. Bxd3 Nf6 30. Rc1 Rxa4 31. Rxc6 Nd7 32. Rc7 Ne5 33. Be4 Rc4
34. Ra7 Rc5 35. Kg2 g5 36. Kg3 h5 37. h4 gxh4+ 38. Kxh4 Ng6+ 39. Kg3 Rg5+ 40.
Kh2 Nf4 41. Bc6 Kf8 42. Ba4 Rg2+ 43. Kh1 Rxf2 44. Rxa5 Ra2 45. Ra8+ Kg7 46. Bc6
Rd2 47. Be4 Nh3 48. Bc6 Rc2 49. Bb7 Rb2 50. Bd5 Nf4 51. Ra5 f5 52. Bc6 Ne2 53.
Bd7 Ng3+ 54. Kg1 Kf6 55. f4 h4 56. Ra6+ Ke7 57. Rh6 Ne2+ 58. Kf2 Kxd7 59. Rxh4
Nxf4+ 60. Kf3 Ne6 61. Rh5 Kd6 0-1

[Event "TCh-TUR Super League 2014"]
[Site "Kocaeli TUR"]
[Date "2014.08.21"]
[Round "4.6"]
[Board "3"]
[White "Khurtsidze, Nino"]
[Black "Ozkan, Ufuk"]
[Result "1-0"]
[WhiteTitle "IM"]
[WhiteElo "2467"]
[BlackElo "1717"]
[WhiteTeam "Akdeniz Belediyesi Spor Kulubu"]
[BlackTeam "Aliaga Genclik VE Spor Kulubu Dernegi"]
[WhiteFideId "13600320"]
[BlackFideId "6349218"]
[EventDate "2014.08.18"]

1. Nf3 Nf6 2. c4 d6 3. Nc3 g6 4. b4 Bg7 5. Bb2 O-O 6. e3 e5 7. d3 Re8 8. Be2 c6
9. Rc1 Na6 10. a3 Nc7 11. O-O d5 12. cxd5 Nfxd5 13. Nxd5 Nxd5 14. d4 exd4 15.
Bxd4 Bxd4 16. Nxd4 Be6 17. Bf3 Nf6 18. b5 c5 19. Rxc5 Qb6 20. Qc2 Rac8 21. Nxe6
fxe6 22. Rxc8 1-0

[Event "TCh-TUR Super League 2014"]
[Site "Kocaeli TUR"]
[Date "2014.08.21"]
[Round "4.6"]
[Board "4"]
[White "Demiral, Abdulkadir"]
[Black "Acar, Utku Cengiz"]
[Result "1/2-1/2"]
[WhiteElo "1699"]
[BlackElo "1815"]
[WhiteTeam "Aliaga Genclik VE Spor Kulubu Dernegi"]
[BlackTeam "Akdeniz Belediyesi Spor Kulubu"]
[WhiteFideId "6349021"]
[BlackFideId "6358900"]
[EventDate "2014.08.18"]

1. c4 e5 2. Nc3 Nf6 3. Nf3 Nc6 4. g3 d5 5. cxd5 Nxd5 6. Bg2 Nb6 7. O-O Be7 8. d3
O-O 9. a3 Be6 10. Be3 f5 11. Na4 Nxa4 12. Qxa4 Bf6 13. Rfd1 Nd4 14. Nxd4 exd4
15. Bd2 c6 16. Ba5 Qd7 17. Rdc1 Qf7 18. Qd1 Rfe8 19. Be1 Bg5 20. f4 Bb3 21. Qd2
Bf6 22. Bf2 Re7 23. Bf3 Bd5 24. Re1 Rae8 25. Qb4 b6 26. Qd6 Rd7 27. Bxd5 cxd5
28. Qb4 Rde7 29. Qd2 Qh5 30. Qb4 Rxe2 31. Rxe2 Rxe2 32. Re1 h6 33. Rxe2 Qxe2 34.
Qb5 Qf3 35. Qb3 h5 36. h4 a5 37. Qxb6 Qxd3 38. Qe6+ Kh7 39. Qxd5 Qb1+ 40. Kh2
Qc2 41. Kg1 Qb1+ 42. Kh2 Qc2 43. Kg1 1/2-1/2

[Event "TCh-TUR Super League 2014"]
[Site "Kocaeli TUR"]
[Date "2014.08.21"]
[Round "4.6"]
[Board "7"]
[White "Koksal, Ege"]
[Black "Cingoz, Ozan"]
[Result "1-0"]
[WhiteTitle "CM"]
[WhiteElo "2219"]
[BlackElo "1930"]
[WhiteTeam "Akdeniz Belediyesi Spor Kulubu"]
[BlackTeam "Aliaga Genclik VE Spor Kulubu Dernegi"]
[WhiteFideId "6317626"]
[BlackFideId "6333397"]
[EventDate "2014.08.18"]

1. d4 e6 2. Nf3 Nf6 3. c4 d5 4. Nc3 Nbd7 5. Bg5 c6 6. e3 Qa5 7. Bxf6 Nxf6 8. Nd2
Bb4 9. Qc2 e5 10. Nb3 Qc7 11. a3 exd4 12. axb4 dxc3 13. bxc3 O-O 14. c5 a6 15.
Bd3 Re8 16. Nd4 g6 17. O-O Re5 18. Rae1 Rh5 19. f4 Bd7 20. e4 dxe4 21. Bxe4 b6
22. cxb6 Qxb6 23. Bf3 Bg4 24. Bxg4 Nxg4 25. h3 Nh6 26. Qf2 Rd5 27. g4 a5 28.
bxa5 Qxa5 29. Nxc6 1-0

[Event "TCh-TUR Super League 2014"]
[Site "Kocaeli TUR"]
[Date "2014.08.21"]
[Round "4.6"]
[Board "9"]
[White "Ozer, Omer Faruk"]
[Black "Karaoglan, Kivanc"]
[Result "1/2-1/2"]
[WhiteElo "2045"]
[BlackElo "1903"]
[WhiteTeam "Akdeniz Belediyesi Spor Kulubu"]
[BlackTeam "Aliaga Genclik VE Spor Kulubu Dernegi"]
[WhiteFideId "6354564"]
[BlackFideId "6329152"]
[EventDate "2014.08.18"]

1. e4 e5 2. Nf3 Nf6 3. Nxe5 d6 4. Nf3 Nxe4 5. d4 d5 6. Bd3 Be7 7. O-O Nc6 8. c4
Nb4 9. Be2 O-O 10. a3 Nc6 11. cxd5 Qxd5 12. Nc3 Nxc3 13. bxc3 Bf5 14. Be3 Bf6
15. c4 Qe4 16. Rc1 Rad8 17. d5 Na5 18. Nd2 Qe7 19. Qa4 b6 20. Qb4 c5 21. Qb5 Bd4
22. Bxd4 cxd4 23. Bf3 Qxa3 24. Rfe1 Nb7 25. Qb3 Qxb3 26. Nxb3 Nc5 27. Nxd4 Bd7 1/2-1/2

[Event "TCh-TUR Super League 2014"]
[Site "Kocaeli TUR"]
[Date "2014.08.21"]
[Round "4.6"]
[Board "10"]
[White "Ozaltun, Ecem"]
[Black "Temel, Burcu Melis"]
[Result "0-1"]
[WhiteElo "1531"]
[BlackElo "1753"]
[WhiteTeam "Aliaga Genclik VE Spor Kulubu Dernegi"]
[BlackTeam "Akdeniz Belediyesi Spor Kulubu"]
[WhiteFideId "6345050"]
[BlackFideId "6345492"]
[EventDate "2014.08.18"]

1. d4 d5 2. Nf3 e6 3. e3 f5 4. c4 Nf6 5. Nc3 c6 6. Bd3 Bd6 7. O-O O-O 8. a3 Ne4
9. Ne5 Nd7 10. f4 Ndf6 11. Rf3 Ng4 12. Bxe4 Nxe5 13. dxe5 dxe4 14. Rh3 Bc7 15.
Qe2 a5 16. Bd2 Qe8 17. Be1 Bd8 18. Rd1 Bd7 19. Na4 b6 20. Qd2 Rf7 21. Qd4 c5 22.
Nxc5 bxc5 23. Qxc5 Rc8 24. Qd4 Ba4 25. Rb1 Rd7 26. Qc3 Rd3 27. Qc1 Rd1 28. Qxd1
Bxd1 29. Rxd1 Rxc4 30. Bc3 Bc7 31. Kf2 Qa4 32. Rd2 Rc5 33. Rg3 Qb5 34. h4 Rd5
35. Bd4 Bd8 36. Rh3 Bb6 37. Rg3 Bxd4 38. exd4 Rxd4 39. Rc2 Rc4 40. Rd2 Qc5+ 41.
Kf1 Rc1+ 42. Ke2 Qc4+ 0-1